| 000 | 01288nam a22002777a 4500 | ||
|---|---|---|---|
| 005 | 20101206113148.0 | ||
| 008 | 101206t xxu||||| |||| 00| 0 hin d | ||
| 010 | _aHIN-93245 | ||
| 020 |
_c180.00 _a8188855405 |
||
| 035 | _aHN-65591 | ||
| 037 | _bDBAD/PUB | ||
| 040 |
_aDPL _bHN |
||
| 082 | _aउ | ||
| 100 |
_924598 _aठाकुर पूँछी |
||
| 245 |
_aएक पंखुरी गुलाब कीः _cठाकुर पूँछी; सुरजीत द्वारा अनुदित _bपाकिस्तान लेखक का सशक्त सामाजिक उपन्यास / |
||
| 246 |
_aEk Pankhuri Gulab ki _bby Thakur Punchhi |
||
| 260 |
_aदिल्ली _bरचनाकार प्रकाशन _c2010 |
||
| 270 |
_bदिल्ली _a1586/1ई, नवीन शाहदरा _e110032 |
||
| 300 |
_a96पृ. _c22सेमी (सजिल्द) |
||
| 650 |
_91169 _aहिन्दी कथा साहित्य |
||
| 650 |
_929580 _aHindi Novel |
||
| 700 |
_924599 _aसुरजीत |
||
| 700 | _924924 | ||
| 942 |
_2ddc _cHN _mठाकुर _hउ |
||
| 999 |
_c53968 _d53968 |
||